La culture en couleurs (7) Gris - Statistiques

Statistiques générales
  • Ce quiz a été pris 6 028 fois
    5 756 depuis la dernière actualisation
  • Le résultat moyen est 6 sur 20
Statistiques - réponses
Indice Réponse % Correct
Sous-espèce de Canis lupus présente en Eurasie Loup gris
75%
Roche schisteuse au grain fin utilisée comme matériau de couverture Ardoise
49%
Qu'est-ce qu'un petit-gris (quand il se consomme en persillade) ? Escargot
48%
Variété de charbon ayant donné son nom à une nuance de gris foncé Anthracite
46%
Personnage gris devenu blanc à la suite de son combat avec le Balrog Gandalf
45%
Quand on est un peu gris, c'est qu'on est un peu ... saoûl
45%
Auteur du double album : "Entre gris clair et gris foncé", qui comporte plusieurs tubes, notamment "Là-bas" Jean-Jacques Goldman
43%
Cépage et vin d'Alsace, blanc contrairement à sa dénomination Pinot gris
40%
Particulièrement actives chez certain détective... Cellules grises
31%
Architecte du 20ème siècle parfois controversé dont le véritable patronyme était Jeanneret-Gris Le Corbusier
26%
"Ravitaille-moi d'un paquet de gris", chantait Higelin. De quoi parlait-il ? Tabac
25%
Produit de la corrosion du cuivre, et surnom péjoratif de l'uniforme allemand Vert-de-gris
25%
Point du littoral français le plus proche de l'Angleterre Cap Gris-Nez
23%
Concrétion intestinale du cachalot traditionnellement utilisée en parfumerie Ambre gris
21%
Conseiller occulte (du pape, entre autres) Eminence grise
21%
Qu'est-ce qu'un petit-gris (quand il se consomme en écharpe ou doublure de manteau) ? Ecureuil
11%
Jeune femme pauvre en robe grise qui travaillait dans les ateliers ou boutiques parisiens Grisette
10%
Région de production de ce vin "gris de gris" Languedoc
9%
Apanage gris des hussards noirs de la République Blouse grise
7%
Auteur du roman "les âmes grises" (homonyme d'un célèbre dramaturge français du 20ème siècle) Philippe Claudel
6%
Aucun quiz correspondant
Distribution des résultats
% des personnes avec chaque résultat
Percentile par nombre de réponses
Votre historique - résultats
Vous n’avez pas pris ce quiz depuis la dernière actualisation